| 000 | | | 04489cbm0a2200301 x 450 |
| 001 | | | 3c15ca32-3f76-47e6-a612-8444fc4b1153 |
| 005 | | | 20200422145024.0 |
| 100 | ## | $a | 20200416j19360910k###0rusy50 ca |
| 101 | 0# | $a | ger |
| 102 | ## | $a | DE |
| 122 | 0# | $a | d19360910## |
| 200 | 1# | $a | Речь министра народного просвещения и пропаганды Германии Й. Геббельса на съезде НСДАП в Нюрнберге о борьбе с большевизмом и еврейством, о внутреннем положении в СССР, о численности и вооружении РККА, о советско-французском и советско-чехословацком договорах 1935 г. и о событиях в Испании |
| | $j | 10 сентября 1936 г. |
| 251 | ## | $c | Документ |
| 300 | ## | $a | Копия |
| 461 | #0 | $1 | 2001 |
| | $a | Ф. 558 |
| | $1 | 251 |
| | $c | Фонд |
| | $1 | 852 |
| | $j | 558 |
| 462 | #0 | $1 | 2001 |
| | $a | Оп. 11 |
| | $1 | 251 |
| | $c | Опись |
| | $1 | 852 |
| | $j | 11 |
| 462 | #0 | $1 | 2001 |
| | $a | Д. 301 |
| | $v | Л. 92-130 |
| | $1 | 251 |
| | $c | Дело |
| | $1 | 852 |
| | $j | 301 |
| 605 | ## | $2 | prlib_sh |
| | $3 | LIBNET\UAF\0000088514 |
| | $a | Вторая мировая война в архивных документах (Комплекс оцифрованных архивных документов, кино- и фотоматериалов) |
| | $l | коллекция |
| 617 | ## | $a | СССР |
| | $f | 1936 |
| | $2 | prlib_sh |
| 617 | ## | $a | Германия |
| | $f | 1936 |
| | $2 | prlib_sh |
| 617 | ## | $a | Франция |
| | $f | 1936 |
| | $2 | prlib_sh |
| 617 | ## | $a | Чехословакия |
| | $f | 1936 |
| | $2 | prlib_sh |
| 617 | ## | $a | Испания |
| | $f | 1936 |
| | $2 | prlib_sh |
| 801 | #0 | $a | RU |
| | $b | ПБ им. Б.Н. Ельцина |
| | $c | 20200416 |
| 801 | #1 | $a | RU |
| | $b | ПБ им. Б.Н. Ельцина |
| | $c | 20200416 |
| | $2 | rusmarc |
| 801 | #2 | $a | RU |
| | $b | ПБ им. Б.Н. Ельцина |
| | $c | 20200422 |
| | $2 | rusmarc |
| 850 | ## | $a | Российский государственный архив социально-политической истории |
| 852 | ## | $a | РГАСПИ |
| | $j | Л. 92-130 |
| 035 | ## | $a | LIBNET\0001069509 |
| 937 | ## | $d | 144095889 |
| | $h | Российский государственный архив социально-политической истории |
| 856 | 4# | $u | http://readingroom.main.prlib.ru/item.aspx?id_node=n144095889&mode=full |